|
|
|
|
| LEADER |
00000nab a2200000uu 4500 |
| 001 |
vtls011154321 |
| 003 |
SK-MaSNL |
| 005 |
20260303151241.0 |
| 008 |
230222|2002 xo |||||||||||||||||eng| |
| 015 |
|
|
|a SNBRB
|
| 035 |
|
|
|a (urnnbn)urn:nbn:sk:snk:ar-a0a7pk
|
| 035 |
|
|
|a (uuid)b67ae566-fded-4cb0-9076-6bd93c5306b2
|
| 035 |
|
|
|a urn:nbn:sk:snk-abb336
|
| 040 |
|
|
|a SNKBUCL
|b slo
|c SNKBUCL
|e AACR2
|
| 041 |
0 |
|
|a eng
|
| 044 |
|
|
|a xo
|c SK
|
| 100 |
1 |
|
|a Bírová, A.
|4 aut
|9 931017
|
| 245 |
1 |
0 |
|a METHOD OF DETERMINATION OF WATER IN ESTERS
|c A. Bírová, J. Cvengroš
|
| 700 |
1 |
|
|a Cvengroš, J.
|4 aut
|9 791152
|
| 773 |
0 |
|
|t Petroleum and coal : international journal for petroleum processing, petrochemistry and coal processing
|g Roč. 44, č. 3-4 (2002), s. [148]-152
|
| 958 |
|
|
|a OND
|
| 958 |
|
|
|a EUIPO
|
| 958 |
|
|
|a article14
|
| 999 |
|
|
|c 2016756
|d 2018686
|